[Event "Arad op 16th"]
[Site "Arad"]
[Date "2023.08.13"]
[Round "9"]
[White "Patrascu, Catalin Lucian"]
[Black "Mastrovasilis, Athanasios"]
[Result "1-0"]
[WhiteElo "2279"]
[BlackElo "2484"]
[PlyCount "103"]
[EventDate "2023.08.07"]
[EventType "swiss"]
[EventRounds "9"]
[EventCountry "ROU"]
[SourceTitle "EXT 2024"]
[Source "ChessBase"]
[SourceDate "2023.10.10"]
[SourceVersion "1"]
[SourceVersionDate "2023.10.10"]
[SourceQuality "1"]

1. e4 e5 2. Nf3 Nc6 3. Bb5 a6 4. Ba4 Nf6 5. 0-0 Bc5 6. d3 d6 7. c3 0-0 8. h3 Ba7 9. Re1 h6 10. Nbd2 Ne7 11. Nf1 Ng6 12. Ng3 d5 13. Be3 Bxe3 14. Rxe3 b5 15. Bb3 Bb7 16. exd5 Nxd5 17. Re1 Qf6 18. d4 exd4 19. Ne4 Qb6 20. Qxd4 Qxd4 21. Nxd4 Ndf4 22. Rad1 Rfe8 23. Bc2 Re5 24. f3 Rae8 25. Kf2 Kf8 26. b4 Nh4 27. Nc5 Rxe1 28. Rxe1 Rxe1 29. Kxe1 Nhxg2+ 30. Kf2 Bd5 31. Nxa6 c6 32. a4 bxa4 33. Bxa4 Nh4 34. Bxc6 Bc4 35. Nc5 Nhg6 36. b5 Ne5 37. b6 Nfd3+ 38. Nxd3 Nxd3+ 39. Ke3 Nc5 40. Nf5 Be6 41. Kd4 Na6 42. Bb5 Nb8 43. Ke5 Bd7 44. Bd3 g6 45. Nxh6 Ke7 46. Ng8+ Kd8 47. Kd6 Bxh3 48. Ne7 g5 49. b7 Bd7 50. Be4 Bb5 51. c4 Bxc4 52. Nc6+ 1-0

[Event "Bucharest Grand Prix"]
[Site "Bucharest"]
[Date "2023.04.29"]
[Round "3"]
[White "Yuffa, Daniil"]
[Black "Patrascu, Catalin Lucian"]
[Result "1-0"]
[WhiteElo "2602"]
[BlackElo "2279"]
[PlyCount "55"]
[EventDate "2023.04.29"]
[EventType "swiss (rapid)"]
[EventRounds "10"]
[EventCountry "ROU"]
[SourceTitle "CBM 213 Extra"]
[Source "ChessBase"]
[SourceDate "2023.05.31"]
[SourceVersion "1"]
[SourceVersionDate "2023.05.31"]
[SourceQuality "1"]

1. c4 Nf6 2. d4 e6 3. g3 d5 4. Bg2 Be7 5. Nf3 0-0 6. Qc2 c6 7. 0-0 b6 8. b3 Bb7 9. Bb2 a5 10. Nc3 Na6 11. a3 Rc8 12. Rfd1 Re8 13. Rac1 Bf8 14. Qb1 Qe7 15. Ne5 c5 16. cxd5 exd5 17. e3 Qe6 18. dxc5 Nxc5 19. Ne2 Nfe4 20. Nf4 Qd6 21. b4 axb4 22. axb4 Rxe5 23. bxc5 Nxc5 24. Bxe5 Qxe5 25. Qxb6 Rc6 26. Qb1 Ne4 27. Bxe4 Rxc1 28. Rxc1 1-0

[Event "ROM-chT Rapid"]
[Site "Sebes"]
[Date "2022.12.03"]
[Round "7.25"]
[White "Burja Udrea, Razvan Andrei"]
[Black "Patrascu, Catalin Lucian"]
[Result "0-1"]
[WhiteElo "1365"]
[BlackElo "2279"]
[PlyCount "82"]
[EventDate "2022.12.03"]
[EventType "team-swiss (rapid)"]
[EventRounds "8"]
[EventCountry "ROU"]
[SourceTitle "CBM 211 Extra"]
[Source "ChessBase"]
[SourceDate "2023.01.31"]
[SourceVersion "1"]
[SourceVersionDate "2023.01.31"]
[SourceQuality "1"]
[WhiteTeam "Alba Iulia Unirea III"]
[BlackTeam "Bucharest CSU II"]
[WhiteTeamCountry "ROU"]
[BlackTeamCountry "ROU"]

1. e4 c5 2. Nf3 e6 3. d4 cxd4 4. Nxd4 Nc6 5. Nc3 Qc7 6. Be3 a6 7. Qd2 Nf6 8. Be2 b5 9. a3 Bb7 10. f3 Rc8 11. Rc1 Ne5 12. Bf2 b4 13. Nb1 d5 14. exd5 Nxd5 15. axb4 Bxb4 16. c3 0-0 17. 0-0 Bd6 18. Rfd1 Nc4 19. Bxc4 Qxc4 20. b3 Qc7 21. g3 Rfd8 22. Qe1 Ne7 23. Qe2 Bc5 24. b4 Bxd4 25. Rxd4 Nf5 26. Rxd8+ Rxd8 27. Rd1 Rc8 28. Bc5 h5 29. Nd2 Re8 30. Ne4 Qe5 31. Bd4 Nxd4 32. cxd4 Qd5 33. Kf2 Rd8 34. Rd2 Qf5 35. Kg2 Bc6 36. Qe3 Rb8 37. Rb2 a5 38. Nc5 Rxb4 39. Rxb4 axb4 40. Nd3 b3 41. Ne5 b2 0-1

[Event "ROM-ch"]
[Site "Eforie Nord"]
[Date "2022.02.27"]
[Round "9"]
[White "Patrascu, Catalin Lucian"]
[Black "Ignat, Matei Marius"]
[Result "0-1"]
[WhiteElo "2310"]
[BlackElo "2053"]
[PlyCount "104"]
[EventDate "2022.02.20"]
[EventType "swiss"]
[EventRounds "9"]
[EventCountry "ROU"]
[SourceTitle "CBM 207 Extra"]
[Source "ChessBase"]
[SourceDate "2022.05.31"]
[SourceVersion "1"]
[SourceVersionDate "2022.05.31"]
[SourceQuality "1"]

1. e4 e6 2. d4 d5 3. Nc3 Bb4 4. e5 c5 5. a3 Bxc3+ 6. bxc3 Ne7 7. Qg4 Qc7 8. Qxg7 Rg8 9. Qxh7 cxd4 10. Ne2 dxc3 11. f4 Nbc6 12. Qd3 d4 13. Ng3 Bd7 14. Be2 0-0-0 15. 0-0 Nd5 16. Ne4 f6 17. exf6 Rdf8 18. Rb1 Nxf6 19. Nc5 b6 20. Nxd7 Qxd7 21. Bf3 Kb8 22. a4 Nd5 23. Qb5 Kc7 24. Qc4 Qd6 25. Re1 Rg6 26. Re4 Qc5 27. Qd3 Ndb4 28. Rxb4 Qxb4 29. Re1 Rgf6 30. Qe4 Qxa4 31. g4 Qc4 32. g5 R6f7 33. Kg2 e5 34. g6 Rf6 35. h4 exf4 36. g7 Qg8 37. Bxf4+ Kc8 38. Bg4+ Kb7 39. gxf8Q Qxg4+ 40. Bg3 Qxe4+ 41. Rxe4 Rxf8 42. h5 a5 43. h6 Rh8 44. Rh4 a4 45. Bd6 b5 46. Kf3 b4 47. Ke4 a3 48. Rh1 Kb6 49. Bxb4 Nxb4 50. Kxd4 Rc8 51. h7 a2 52. Rh6+ Nc6+ 0-1

[Event "ROM-ch"]
[Site "Eforie Nord"]
[Date "2022.02.23"]
[Round "5"]
[White "Patrascu, Catalin Lucian"]
[Black "Negrean, Andrei"]
[Result "1-0"]
[WhiteElo "2310"]
[BlackElo "1941"]
[PlyCount "59"]
[EventDate "2022.02.20"]
[EventType "swiss"]
[EventRounds "9"]
[EventCountry "ROU"]
[SourceTitle "CBM 207 Extra"]
[Source "ChessBase"]
[SourceDate "2022.05.31"]
[SourceVersion "1"]
[SourceVersionDate "2022.05.31"]
[SourceQuality "1"]

1. e4 e6 2. d4 d5 3. Nc3 Nf6 4. e5 Nfd7 5. Nf3 c5 6. dxc5 Bxc5 7. Bd3 Nc6 8. Bf4 b6 9. h4 Nb4 10. Rh3 h5 11. Rg3 g6 12. Ng5 Nxd3+ 13. Qxd3 Nf8 14. 0-0-0 Qe7 15. Nb5 Nh7 16. Nxh7 Rxh7 17. Nd6+ Bxd6 18. exd6 Qd7 19. Qd4 Bb7 20. Rc3 Bc6 21. Qf6 Rc8 22. Re1 Bb7 23. Rxc8+ Bxc8 24. Re3 Kf8 25. Rc3 Kg8 26. Rc7 Qe8 27. Qe7 Qb5 28. Rxc8+ Kg7 29. Be5+ Kh6 30. Qg5# 1-0

[Event "ROM-ch"]
[Site "Eforie Nord"]
[Date "2022.02.22"]
[Round "3"]
[White "Istratescu, Andrei"]
[Black "Patrascu, Catalin Lucian"]
[Result "1/2-1/2"]
[WhiteElo "2470"]
[BlackElo "2310"]
[PlyCount "61"]
[EventDate "2022.02.20"]
[EventType "swiss"]
[EventRounds "9"]
[EventCountry "ROU"]
[SourceTitle "CBM 207 Extra"]
[Source "ChessBase"]
[SourceDate "2022.05.31"]
[SourceVersion "1"]
[SourceVersionDate "2022.05.31"]
[SourceQuality "1"]

1. e4 c5 2. Nf3 e6 3. d4 cxd4 4. Nxd4 Nc6 5. Nc3 Qc7 6. g3 a6 7. Bg2 d6 8. 0-0 Bd7 9. Re1 Be7 10. Nxc6 Bxc6 11. a4 Nf6 12. a5 0-0 13. Be3 Rfe8 14. Qd2 Bf8 15. h3 Nd7 16. Na4 Rad8 17. Nb6 Nc5 18. Bd4 f5 19. exf5 Bxg2 20. Kxg2 Qc6+ 21. f3 exf5 22. Rxe8 Rxe8 23. Re1 Rxe1 24. Qxe1 Kf7 25. Qd2 Ne6 26. Be3 Be7 27. Qd3 Qb5 28. Qxb5 axb5 29. Nd5 Bd8 30. b4 Nc7 31. Nxc7 1/2-1/2

[Event "ROM-ch"]
[Site "Eforie Nord"]
[Date "2022.02.21"]
[Round "2"]
[White "Patrascu, Catalin Lucian"]
[Black "Miron, Lucian Costin"]
[Result "1/2-1/2"]
[WhiteElo "2310"]
[BlackElo "2511"]
[PlyCount "133"]
[EventDate "2022.02.20"]
[EventType "swiss"]
[EventRounds "9"]
[EventCountry "ROU"]
[SourceTitle "CBM 207 Extra"]
[Source "ChessBase"]
[SourceDate "2022.05.31"]
[SourceVersion "1"]
[SourceVersionDate "2022.05.31"]
[SourceQuality "1"]

1. e4 c5 2. Nf3 d6 3. Bb5+ Nc6 4. 0-0 Bd7 5. Re1 Nf6 6. c3 a6 7. Bc4 Bg4 8. d4 Bxf3 9. gxf3 e6 10. dxc5 dxc5 11. Qxd8+ Rxd8 12. Be3 g5 13. Be2 Nh5 14. Nd2 Nf4 15. Kf1 Rg8 16. a4 Rg6 17. Nc4 Rh6 18. Bxf4 gxf4 19. Kg2 Bd6 20. Red1 Ke7 21. Kh1 Rg6 22. Rd2 Be5 23. Rxd8 Kxd8 24. Rg1 b5 25. axb5 axb5 26. Nxe5 Nxe5 27. Bxb5 Nxf3 28. Rxg6 fxg6 29. Be2 Ne5 30. b4 Kc7 31. Kg2 g5 32. f3 Kd6 33. h4 h6 34. hxg5 hxg5 35. Kh3 Kc6 36. Kg2 Kb6 37. Kh3 Kc7 38. Kg2 Kc6 39. Kh3 Kd6 40. Kg2 Kc7 41. Kh3 Kd6 42. Kg2 cxb4 43. cxb4 Nc6 44. Kh3 Nxb4 45. Kg4 Kc5 46. Kxg5 e5 47. Bf1 Nc2 48. Bh3 Kd4 49. Kf6 Ne1 50. Bg4 Nd3 51. Bh5 Nf2 52. Ke6 Nh1 53. Kf6 Ng3 54. Bg4 Nf1 55. Bh5 Nd2 56. Bg4 Nc4 57. Bh5 Nb2 58. Bg4 Nd3 59. Bh5 Ke3 60. Ke6 Kd4 61. Kf6 Nf2 62. Ke6 Nxe4 63. fxe4 Kxe4 64. Bg4 Kd4 65. Kf5 Ke3 66. Kxe5 f3 67. Bxf3 1/2-1/2

[Event "ROM-chT"]
[Site "Mamaia"]
[Date "2021.10.10"]
[Round "11.5"]
[White "David, Alexandru Vasile"]
[Black "Patrascu, Catalin Lucian"]
[Result "0-1"]
[WhiteElo "2428"]
[BlackElo "2304"]
[PlyCount "96"]
[EventDate "2021.10.02"]
[EventType "team-tourn"]
[EventRounds "11"]
[EventCountry "ROU"]
[SourceTitle "CBM 204 Extra"]
[Source "ChessBase"]
[SourceDate "2021.11.30"]
[SourceVersion "1"]
[SourceVersionDate "2021.11.30"]
[SourceQuality "1"]
[WhiteTeam "Arad Vados"]
[BlackTeam "Buzau Phoenix"]
[WhiteTeamCountry "ROU"]
[BlackTeamCountry "ROU"]

1. d4 Nf6 2. c4 e6 3. Nc3 Bb4 4. a3 Bxc3+ 5. bxc3 b6 6. f3 0-0 7. e4 Nc6 8. Bd3 Ne8 9. f4 f5 10. e5 Ba6 11. Nf3 Na5 12. Ng5 Qe7 13. h4 c5 14. d5 exd5 15. cxd5 Bxd3 16. Qxd3 Nd6 17. 0-0 c4 18. Qf3 Ne4 19. Nxe4 fxe4 20. Qxe4 Qxh4 21. Be3 Rae8 22. Rf3 g6 23. Bf2 Qg4 24. Re1 Rf5 25. Qd4 Nb3 26. Qe3 Nc5 27. Bg3 Nd3 28. Ref1 Rh5 29. Bh2 Rf5 30. Rg3 Qh4 31. Rh3 Qg4 32. Rff3 d6 33. Rhg3 Qh4 34. Qe4 Rexe5 35. Rh3 Qe1+ 36. Qxe1 Rxe1+ 37. Rf1 Rxf1+ 38. Kxf1 Nxf4 39. Bxf4 Rxf4+ 40. Ke2 Re4+ 41. Kf3 Re5 42. Rh4 Rxd5 43. Rxc4 Rc5 44. Ra4 a5 45. Ke4 Rxc3 46. Kd5 h5 47. g4 Kg7 48. Kxd6 hxg4 0-1

[Event "ROM-chT"]
[Site "Mamaia"]
[Date "2021.10.07"]
[Round "7.4"]
[White "Patrascu, Catalin Lucian"]
[Black "Szabo, Gergely Andras"]
[Result "0-1"]
[WhiteElo "2304"]
[BlackElo "2531"]
[PlyCount "60"]
[EventDate "2021.10.02"]
[EventType "team-tourn"]
[EventRounds "11"]
[EventCountry "ROU"]
[SourceTitle "CBM 204 Extra"]
[Source "ChessBase"]
[SourceDate "2021.11.30"]
[SourceVersion "1"]
[SourceVersionDate "2021.11.30"]
[SourceQuality "1"]
[WhiteTeam "Buzau Phoenix"]
[BlackTeam "Iasi Politehnica"]
[WhiteTeamCountry "ROU"]
[BlackTeamCountry "ROU"]

1. e4 e6 2. d4 d5 3. Bd3 dxe4 4. Bxe4 Nf6 5. Bf3 c5 6. Ne2 Be7 7. Be3 0-0 8. Nbc3 Nbd7 9. g4 cxd4 10. Qxd4 Qa5 11. g5 Ne5 12. Bg2 Nfg4 13. Bd2 Bc5 14. Ne4 Bxd4 15. Bxa5 Bxb2 16. Rb1 Nc4 17. Bb4 Rd8 18. 0-0 Bd7 19. Nc5 Bc6 20. Bxc6 bxc6 21. Nd3 Ba3 22. h3 Bxb4 23. Rxb4 Nge5 24. f4 a5 25. Nxe5 Nxe5 26. Rb7 Nc4 27. f5 Nd6 28. fxe6 Nxb7 29. exf7+ Kf8 30. g6 hxg6 0-1

[Event "ROM-chT"]
[Site "Mamaia"]
[Date "2021.10.07"]
[Round "8.1"]
[White "Vajda, Albert"]
[Black "Patrascu, Catalin Lucian"]
[Result "1-0"]
[WhiteElo "2327"]
[BlackElo "2304"]
[PlyCount "91"]
[EventDate "2021.10.02"]
[EventType "team-tourn"]
[EventRounds "11"]
[EventCountry "ROU"]
[SourceTitle "CBM 204 Extra"]
[Source "ChessBase"]
[SourceDate "2021.11.30"]
[SourceVersion "1"]
[SourceVersionDate "2021.11.30"]
[SourceQuality "1"]
[WhiteTeam "Craiova Oltenia"]
[BlackTeam "Buzau Phoenix"]
[WhiteTeamCountry "ROU"]
[BlackTeamCountry "ROU"]

1. d4 Nf6 2. Nf3 e6 3. Bf4 b6 4. e3 c5 5. c3 Bb7 6. Bd3 Be7 7. h3 cxd4 8. cxd4 Ne4 9. Nfd2 Nxd2 10. Nxd2 Ba6 11. Bxa6 Nxa6 12. 0-0 0-0 13. Rc1 Nb4 14. Qb3 Nd5 15. Bh2 f5 16. Nc4 Qe8 17. Ne5 Bd6 18. a3 Bxe5 19. Bxe5 Qg6 20. Qd3 a6 21. Rce1 b5 22. a4 bxa4 23. Ra1 Rfc8 24. Rxa4 Rc6 25. Rc4 Rb6 26. Qa3 h6 27. Rfc1 Qe8 28. e4 fxe4 29. Qg3 Qf7 30. R1c2 Kh7 31. Re2 Qg6 32. Qa3 Qf5 33. Qg3 Qg6 34. Qh4 d6 35. Bg3 Nf6 36. Rc7 Rab8 37. Bf4 Rxb2 38. Re3 Rb1+ 39. Kh2 Nd5 40. Rg3 Nxc7 41. Rxg6 Kxg6 42. Bxd6 Re1 43. Bxc7 Rbb1 44. Qe7 Rh1+ 45. Kg3 Rb3+ 46. Kh4 1-0

[Event "Titled Tuesday intern op 17th Aug"]
[Site "Chess.com INT"]
[Date "2021.08.17"]
[Round "5"]
[White "Patrascu, Catalin Lucian"]
[Black "Garriga Cazorla, Pere"]
[Result "0-1"]
[WhiteElo "2304"]
[BlackElo "2478"]
[PlyCount "76"]
[EventDate "2021.08.17"]
[EventType "swiss (blitz)"]
[EventRounds "11"]
[EventCountry "USA"]
[SourceTitle "EXT 2022"]
[Source "ChessBase"]
[SourceDate "2021.10.06"]
[SourceVersion "1"]
[SourceVersionDate "2021.10.06"]
[SourceQuality "1"]

1. e4 c5 2. Nf3 Nc6 3. d4 cxd4 4. Nxd4 Qb6 5. Nf3 Nf6 6. Bd3 e6 7. 0-0 d6 8. Nbd2 Qc7 9. Nc4 a6 10. Bg5 Be7 11. a4 b6 12. Qe2 0-0 13. Rad1 Bb7 14. e5 dxe5 15. Ncxe5 Nb4 16. c3 Nxd3 17. Rxd3 Rad8 18. Rfd1 Rxd3 19. Rxd3 Rd8 20. h3 h6 21. Bc1 Rxd3 22. Qxd3 Ne4 23. Be3 Nc5 24. Bxc5 Bxc5 25. Qd7 Bd6 26. Qe8+ Bf8 27. b4 a5 28. bxa5 bxa5 29. Qb5 Bd5 30. c4 Be4 31. Nd4 Qc5 32. Qxc5 Bxc5 33. Nb3 Bb4 34. c5 f6 35. Nc4 Bd5 36. Ncxa5 Kf7 37. c6 Ke7 38. c7 Kd7 0-1

[Event "Speed Chess Super Swiss"]
[Site "Chess.com INT"]
[Date "2020.10.03"]
[Round "4"]
[White "Patrascu, Catalin Lucian"]
[Black "Kosteniuk, Alexandra"]
[Result "1-0"]
[WhiteElo "2320"]
[BlackElo "2471"]
[PlyCount "123"]
[EventDate "2020.10.03"]
[EventType "swiss (blitz)"]
[EventRounds "15"]
[EventCountry "USA"]
[SourceTitle "CBM 198 Extra"]
[Source "ChessBase"]
[SourceDate "2020.11.30"]
[SourceVersion "1"]
[SourceVersionDate "2020.11.30"]
[SourceQuality "1"]

1. e4 c6 2. d4 d5 3. e5 c5 4. dxc5 e6 5. a3 Nc6 6. Nf3 Bxc5 7. b4 Bb6 8. Bb2 Nge7 9. Bd3 Ng6 10. 0-0 0-0 11. Re1 Nf4 12. Bf1 a5 13. b5 Ne7 14. g3 Nfg6 15. h4 h6 16. h5 Nh8 17. Bd3 Bd7 18. a4 Rc8 19. Nbd2 Qe8 20. Nb3 f5 21. exf6 gxf6 22. Nbd4 e5 23. Nxe5 fxe5 24. Rxe5 Qf7 25. Qe2 Rce8 26. Re1 Qg7 27. Rxe7 Rxe7 28. Qxe7 Rf7 29. Qe3 Qf6 30. f4 Rf8 31. Qe5 Qxe5 32. fxe5 Re8 33. Kg2 Bxd4 34. Bxd4 Nf7 35. Bg6 Be6 36. Bb6 Rc8 37. Bxa5 Ng5 38. Bd2 Ne4 39. Rxe4 dxe4 40. Bxe4 Rc4 41. Kf3 Rxa4 42. Bxb7 Ra3+ 43. Ke2 Rxg3 44. Be4 Bg4+ 45. Kf2 Rh3 46. b6 Rh2+ 47. Ke3 Rh3+ 48. Kd4 Bc8 49. b7 Bxb7 50. Bxb7 Rh2 51. Bd5+ Kg7 52. Be3 Rxc2 53. e6 Rh2 54. Ke5 Kf8 55. Kd6 Rb2 56. Bc5 Kg7 57. e7 Re2 58. Be6 Rd2+ 59. Kc7 Kf6 60. e8Q Rc2 61. Qf7+ Ke5 62. Qf5# 1-0

[Event "Speed Chess Super Swiss"]
[Site "Chess.com INT"]
[Date "2020.10.03"]
[Round "1"]
[White "Patrascu, Catalin Lucian"]
[Black "Lazavik, Denis"]
[Result "0-1"]
[WhiteElo "2320"]
[BlackElo "2424"]
[PlyCount "83"]
[EventDate "2020.10.03"]
[EventType "swiss (blitz)"]
[EventRounds "15"]
[EventCountry "USA"]
[SourceTitle "CBM 198 Extra"]
[Source "ChessBase"]
[SourceDate "2020.11.30"]
[SourceVersion "1"]
[SourceVersionDate "2020.11.30"]
[SourceQuality "1"]

1. Nf3 d5 2. g3 c6 3. Bg2 Bf5 4. 0-0 e6 5. d3 h6 6. c4 dxc4 7. dxc4 Nd7 8. Nc3 Ngf6 9. Be3 Be7 10. a3 0-0 11. b4 Ne4 12. Nxe4 Bxe4 13. Qb3 Qc7 14. Rfd1 Rad8 15. Nd2 Bxg2 16. Kxg2 Bf6 17. Rac1 a6 18. Ne4 Be7 19. c5 Nf6 20. Bf4 e5 21. Nxf6+ Bxf6 22. Be3 Be7 23. Rxd8 Rxd8 24. Rd1 Kf8 25. g4 Qc8 26. h3 Rxd1 27. Qxd1 Qe6 28. f3 e4 29. f4 f5 30. Kg3 g6 31. Qd2 Bf6 32. Bd4 Qd5 33. e3 Bxd4 34. exd4 Qb3+ 35. Kh4 e3 36. Qe2 Qc3 37. gxf5 Qd2 38. Qc4 e2 39. fxg6 e1Q+ 40. Kh5 Qde2+ 41. Qxe2 Qxe2+ 42. Kxh6 0-1

[Event "Arad op 13th"]
[Site "Arad"]
[Date "2020.09.30"]
[Round "8"]
[White "Suciu, Dinu Simi"]
[Black "Patrascu, Catalin Lucian"]
[Result "1/2-1/2"]
[WhiteElo "2050"]
[BlackElo "2320"]
[PlyCount "45"]
[EventDate "2020.09.25"]
[EventType "swiss"]
[EventRounds "9"]
[EventCountry "ROU"]
[SourceTitle "CBM 198 Extra"]
[Source "ChessBase"]
[SourceDate "2020.11.30"]
[SourceVersion "1"]
[SourceVersionDate "2020.11.30"]
[SourceQuality "1"]

1. c4 e5 2. g3 Nf6 3. Bg2 Nc6 4. Nc3 Bc5 5. e3 0-0 6. Nge2 Re8 7. 0-0 a6 8. d4 Ba7 9. dxe5 Nxe5 10. b3 d6 11. h3 Rb8 12. Nd4 Bd7 13. a4 Nc6 14. Nxc6 bxc6 15. Ba3 a5 16. Kh2 Qe7 17. Ne2 Ne4 18. Nd4 Nxf2 19. Rxf2 Qxe3 20. Rf4 Bxd4 21. Bc1 Qxf4 22. Bxf4 Bxa1 23. Qxa1 1/2-1/2

[Event "Arad op 13th"]
[Site "Arad"]
[Date "2020.09.27"]
[Round "3"]
[White "Patrascu, Catalin Lucian"]
[Black "Cnejev, Vladimir Alexandru"]
[Result "1-0"]
[WhiteElo "2320"]
[BlackElo "2123"]
[PlyCount "95"]
[EventDate "2020.09.25"]
[EventType "swiss"]
[EventRounds "9"]
[EventCountry "ROU"]
[SourceTitle "CBM 198 Extra"]
[Source "ChessBase"]
[SourceDate "2020.11.30"]
[SourceVersion "1"]
[SourceVersionDate "2020.11.30"]
[SourceQuality "1"]

1. c4 e6 2. Nc3 d5 3. d4 Nf6 4. cxd5 exd5 5. Bg5 c6 6. e3 Bf5 7. Qf3 Bg6 8. Bxf6 Qxf6 9. Qxf6 gxf6 10. Nf3 Nd7 11. Nh4 Be7 12. Ne2 Nb6 13. Ng3 Nc8 14. Ngf5 Nd6 15. Nxd6+ Bxd6 16. f4 Be4 17. Kf2 c5 18. dxc5 Bxc5 19. Rd1 0-0 20. Bd3 Rfe8 21. Rhe1 d4 22. Bxe4 Rxe4 23. exd4 Rxd4 24. Rxd4 Rd8 25. Kf3 Rxd4 26. Re8+ Bf8 27. Rb8 b6 28. Nf5 Rd2 29. h4 h5 30. g4 hxg4+ 31. Kxg4 Rxb2 32. h5 Rxa2 33. h6 Rg2+ 34. Kf3 Rd2 35. Ne7+ Kh7 36. Rxf8 Kxh6 37. Rxf7 b5 38. Rxf6+ Kg7 39. Ra6 b4 40. Nf5+ Kf7 41. Rxa7+ Kf6 42. Ne3 b3 43. Rb7 Rb2 44. Rb6+ Kf7 45. Nc4 Rb1 46. Nd2 Rd1 47. Nxb3 Rb1 48. Ke4 1-0

[Event "Arad op 13th"]
[Site "Arad"]
[Date "2020.09.25"]
[Round "1"]
[White "Patrascu, Catalin Lucian"]
[Black "Sorbun, Cristinel"]
[Result "1-0"]
[WhiteElo "2320"]
[BlackElo "1806"]
[PlyCount "53"]
[EventDate "2020.09.25"]
[EventType "swiss"]
[EventRounds "9"]
[EventCountry "ROU"]
[SourceTitle "CBM 198 Extra"]
[Source "ChessBase"]
[SourceDate "2020.11.30"]
[SourceVersion "1"]
[SourceVersionDate "2020.11.30"]
[SourceQuality "1"]

1. e4 c6 2. d4 d6 3. Nf3 h6 4. c3 g5 5. Bc4 Bg7 6. Nbd2 Nd7 7. Nf1 Nf8 8. Ng3 Ng6 9. Nh5 Bf8 10. h3 e6 11. Qe2 Nf6 12. Nh2 Nxh5 13. Qxh5 Bg7 14. Be3 b5 15. Bd3 e5 16. Ng4 Bd7 17. Bc2 exd4 18. cxd4 Bxd4 19. Bxd4 Nf4 20. Nf6+ Qxf6 21. Bxf6 Nxh5 22. Bxh8 f6 23. Bd1 Ke7 24. Bxh5 Rxh8 25. 0-0-0 Be6 26. b3 a5 27. Kb2 1-0

[Event "Titled Tuesday intern op 01st Sept"]
[Site "Chess.com INT"]
[Date "2020.09.01"]
[Round "7"]
[White "Cerveny, Martin"]
[Black "Patrascu, Catalin Lucian"]
[Result "1-0"]
[WhiteElo "2383"]
[BlackElo "2320"]
[PlyCount "43"]
[EventDate "2020.09.01"]
[EventType "swiss (blitz)"]
[EventRounds "10"]
[EventCountry "USA"]
[SourceTitle "CBM 198 Extra"]
[Source "ChessBase"]
[SourceDate "2020.11.30"]
[SourceVersion "1"]
[SourceVersionDate "2020.11.30"]
[SourceQuality "1"]

1. d4 f5 2. e4 fxe4 3. Nc3 Nf6 4. Bg5 c6 5. f3 Qa5 6. Bxf6 exf6 7. fxe4 Ba3 8. bxa3 Qxc3+ 9. Kf2 0-0 10. Nf3 d5 11. exd5 cxd5 12. Rb1 Qxa3 13. Bd3 Nc6 14. Qd2 Bg4 15. Rxb7 Bxf3 16. gxf3 Rab8 17. Rhb1 Rxb7 18. Rxb7 Nxd4 19. Bxh7+ Kxh7 20. Qxd4 Qxa2 21. Qd3+ Kg8 22. Qg6 1-0